[Event "II Maremma Open"]
[Site "Grosseto ITA"]
[Date "2013.05.10"]
[Round "2"]
[White "Delfino,L"]
[Black "Garcia Palermo,C"]
[Result "0-1"]
[WhiteElo "2210"]
[BlackElo "2465"]

1.e4 d6 2.d4 Nf6 3.Nc3 e5 4.Nf3 Nbd7 5.Bc4 Be7 6.O-O O-O 7.Re1 a6 8.a4 b6
9.b3 Bb7 10.Bb2 c6 11.Bd3 Re8 12.Ne2 Bf8 13.Ng3 g6 14.Qd2 Bg7 15.c4 exd4
16.Nxd4 Ne5 17.Bc2 Nfd7 18.Rad1 Nf8 19.Bc3 f6 20.Nde2 Nf7 21.f3 Rc8 22.Bb1 b5
23.Ba5 Qd7 24.c5 bxa4 25.Nc3 axb3 26.Na4 Qe6 27.cxd6 Nd7 28.Qb4 Ba8 29.Bc7 Bf8
30.Qd2 Qc4 31.Qa5 Qb5 32.Bd3 Qxa5 33.Bxa5 Nxd6 34.Bxa6 Rb8 35.Bc7 Rb4 36.Nb2 Re6
37.Ba5 Rb8 38.Nc4 Nc5 39.Nxd6 Nxa6 40.Nc4 Nb4 41.Re2 Nc2 42.Bc3 Bb7 43.Nb2 Ba6
44.Red2 Ne3 45.Ra1 Bb5 46.Rd7 Nc4 47.Nf1 Bc5+ 48.Kh1 Nxb2 49.Bxb2 Bxf1 50.Rxf1 Bd6
51.g4 Be5 52.Rb1 c5 53.Bxe5 fxe5 54.Rc7 b2  0-1

[Event "II Maremma Open"]
[Site "Grosseto ITA"]
[Date "2013.05.10"]
[Round "2"]
[White "Lagumina,G"]
[Black "Lazic,Mir"]
[Result "1-0"]
[WhiteElo "2311"]
[BlackElo "2476"]

1.e4 d6 2.d4 Nf6 3.Nc3 e5 4.Nf3 Nbd7 5.Bc4 Be7 6.O-O O-O 7.Re1 c6 8.a4 a5
9.b3 Nb6 10.Bf1 Bg4 11.dxe5 Bxf3 12.Qxf3 dxe5 13.Ne2 Nfd7 14.Ng3 Bc5 15.Nf5 Qf6
16.Qg3 Kh8 17.Bg5 Qg6 18.Qh4 f6 19.Be3 Qf7 20.Rad1 Bxe3 21.Rxe3 Nc5 22.Rg3 g6
23.Nd6 Qg8 24.Rc3 Qe6 25.Rxc5 Rad8 26.Qh6 Qe7 27.Qd2 Nc8 28.Nf7+ Qxf7 29.Qxd8 Rxd8
30.Rxd8+ Kg7 31.Rxc8 Qd7 32.Ra8 h5 33.Rcxa5 Qd4 34.R5a7 Qxe4 35.Rxb7+ Kh6
36.a5  1-0

[Event "14th Euro Indiv 2013"]
[Site "Legnica POL"]
[Date "2013.05.10"]
[Round "6.119"]
[White "Tari,A"]
[Black "Marjanovic,Dej"]
[Result "1/2-1/2"]
[WhiteElo "2385"]
[BlackElo "2186"]

1.e4 d6 2.d4 Nf6 3.Nc3 e5 4.dxe5 dxe5 5.Qxd8+ Kxd8 6.Bg5 Be6 7.g3 Bb4 8.O-O-O+ Kc8
9.Bxf6 gxf6 10.Nd5 Bxd5 11.exd5 Kd8 12.Ne2 Bc5 13.f4 exf4 14.Nxf4 Be3+ 15.Kb1 Bxf4
16.gxf4 Nd7 17.Bh3 Nf8 18.d6 Ne6 19.Bxe6 fxe6 20.Rhe1 Kd7 21.dxc7+ Ke7 22.Rd3 Rac8
23.Rg1 Rhg8 24.Rxg8 Rxg8 25.Kc1 h5 26.Rh3 Kd7 27.Rxh5 Kxc7 28.Rh6 f5 29.Kd2 Rg2+
30.Kd3 Rf2 31.Rxe6 Rxf4 32.Re2 Rf3+ 33.Kd4 Kd6 34.Rg2 Rf4+ 35.Ke3 Rh4 36.Kf3 Ke5
37.Re2+ Kf6 38.Rd2 Ke5 39.Re2+ Kf6 40.c3 b6 41.Kg2 Rg4+ 42.Kf3 Rh4  1/2-1/2

[Event "5th Alexander The Great Open 2013"]
[Site "Porto Carras GRE"]
[Date "2013.05.10"]
[Round "5.7"]
[White "Tsarouhas,V"]
[Black "Stojanovic,Andj"]
[Result "1/2-1/2"]
[WhiteElo "2173"]
[BlackElo "2282"]

1.e4 d6 2.d4 Nf6 3.Nc3 e5 4.dxe5 dxe5 5.Qxd8+ Kxd8 6.Nf3 Bd6 7.Bg5 Be6 8.O-O-O Nd7
9.Bb5 Kc8 10.Nd2 a6 11.Bc4 b5 12.Bxe6 fxe6 13.f3 Bc5 14.Nb3 Bb6 15.a4 b4
16.Na2 a5 17.Rhe1 Nc5 18.Nxc5 Bxc5 19.Kb1 Nd7 20.Be3 Bxe3 21.Rxe3 Nc5 22.b3 Rd8
23.Rxd8+ Kxd8 24.Nc1 Ke7 25.Nd3 Nxd3 26.Rxd3 g5 27.Kc1 c5 28.c4 Rg8 29.h3 h5
30.Kd2 h4 31.Ke2 Rf8 32.Rd1 Rh8 33.Rd3 Rf8 34.Rd1 Rh8  1/2-1/2

[Event "VIII American Continental 2013"]
[Site "Cochabamba BOL"]
[Date "2013.05.11"]
[Round "6.5"]
[White "Mekhitarian,K"]
[Black "Cueto,Jo"]
[Result "1-0"]
[WhiteElo "2551"]
[BlackElo "2263"]

1.e4 d6 2.d4 Nf6 3.Nc3 e5 4.Nf3 Nbd7 5.Bc4 Be7 6.O-O O-O 7.Re1 c6 8.a4 h6
9.a5 Nh7 10.Be3 Ng5 11.Nxg5 Bxg5 12.Qd2 Qf6 13.Rad1 Re8 14.Bxg5 hxg5 15.Re3 g4
16.Be2 Nf8 17.Rg3 Qh4 18.d5 c5 19.Nb5 Rd8 20.b4 cxb4 21.Qxb4 Ng6 22.Rb1 Nf4
23.Bd1 Qf6 24.a6 b6 25.Bxg4 Bxg4 26.Rxg4 g6 27.Qd2 Rdc8 28.g3 Nh5 29.Rb3 Kg7
30.Qe2 Qe7 31.c4 Nf6 32.Rh4 g5 33.Rh3 Qd7 34.g4 Kg6 35.Rbg3 Kg7 36.Qe3 Kg6
37.Qf3 Ne8 38.Nxd6 Nxd6 39.Rh6+  1-0

[Event "II Maremma Open"]
[Site "Grosseto ITA"]
[Date "2013.05.11"]
[Round "4"]
[White "Grichkevitch,G"]
[Black "Lazic,Mir"]
[Result "0-1"]
[WhiteElo "2153"]
[BlackElo "2476"]

1.e4 d6 2.d4 Nf6 3.Nc3 e5 4.Nf3 Nbd7 5.Bc4 Be7 6.O-O O-O 7.a4 a5 8.Qe2 c6
9.Rd1 Qb6 10.h3 exd4 11.Nxd4 Nc5 12.Qf3 Be6 13.Be2 d5 14.exd5 Nxd5 15.Nf5 Bf6
16.Nxd5 Bxd5 17.Qg4 g6 18.Ng3 Rfe8 19.Be3 Rxe3 20.fxe3 Qxb2 21.Rab1 Qc3 22.Bd3 Re8
23.e4 Ba2 24.Rbc1 Be6 25.Qf3 Nxa4 26.Rf1 Be5 27.h4 b5 28.h5 Qc5+ 29.Kh1 Qe7
30.Ne2 Qh4+ 31.Kg1 Bh2+  0-1

[Event "14th Euro Indiv 2013"]
[Site "Legnica POL"]
[Date "2013.05.11"]
[Round "7.32"]
[White "Hracek,Z"]
[Black "Drozdowski,K"]
[Result "1-0"]
[WhiteElo "2628"]
[BlackElo "2435"]

1.e4 d6 2.d4 Nf6 3.Nc3 e5 4.Nf3 Nbd7 5.Bc4 Be7 6.O-O O-O 7.a4 c6 8.Re1 a5
9.h3 Qb6 10.d5 Qc7 11.Bg5 h6 12.Be3 Nb6 13.Bb3 Nfd7 14.Nd2 Nf6 15.Qe2 Nh7
16.Rad1 c5 17.f4 Bf6 18.Nf3 exf4 19.Nb5 Qd8 20.Bxf4 c4 21.Bxc4 Nxa4 22.Bxd6 Nxb2
23.Rb1 Nxc4 24.Qxc4 Be7 25.Bc7 Qd7 26.Ne5 Qe8 27.Nd6 Bxd6 28.Bxd6 a4 29.Nf3 a3
30.Ra1 Qd8 31.Bxf8 Nxf8 32.Qb4 a2 33.c4 Ra6 34.Qb2 Qa5 35.Re2 Qc5+ 36.Qd4 Qb4
37.Rb2 Qe7 38.Rbxa2 Rg6 39.Kh2 Nh7 40.Ra8 Qd7 41.Qc5 Nf8 42.Rxc8  1-0

[Event "14th Euro Indiv 2013"]
[Site "Legnica POL"]
[Date "2013.05.11"]
[Round "7.57"]
[White "Duda,J"]
[Black "Ipatov,Alexander"]
[Result "0-1"]
[WhiteElo "2506"]
[BlackElo "2588"]

1.e4 d6 2.d4 Nf6 3.Nc3 e5 4.Nge2 Be7 5.g3 exd4 6.Nxd4 Bg4 7.f3 Bd7 8.Bg2 Nc6
9.Be3 O-O 10.O-O Ne5 11.b3 c5 12.Nde2 Ng6 13.Qd2 Bc6 14.Rad1 b5 15.g4 b4
16.Nb1 Re8 17.c4 Nh4 18.Bh1 h5 19.Qe1 Nh7 20.gxh5 Bg5 21.Ng3 Bxe3+ 22.Qxe3 Ng5
23.Bg2 f5 24.Nd2 Qf6 25.f4 Nxg2 26.Kxg2 Nxe4 27.Ndxe4 Bxe4+ 28.Nxe4 Rxe4
29.Qg3 Rae8 30.Kh1 Re2 31.Rde1 Qc3 32.Rxe2 Rxe2 33.a4 Qxg3 34.hxg3 Re3 35.Rd1 Rxb3
36.Rxd6 Rc3 37.Kg2 Rxc4 38.Rd8+ Kh7 39.Rb8 Rc3 40.Kh3 b3 41.Kh4 c4 42.Rb7 a5
43.g4 fxg4 44.f5 Rf3 45.Kxg4 Rf1 46.Kg5 Rg1+ 47.Kh4 c3 48.f6 c2  0-1

[Event "31st Liechtenstein Open 2013"]
[Site "Triesen LIE"]
[Date "2013.05.11"]
[Round "9.7"]
[White "Van der Weide,K"]
[Black "Poettinger,H"]
[Result "1-0"]
[WhiteElo "2448"]
[BlackElo "2270"]

1.e4 d6 2.d4 Nf6 3.Nc3 e5 4.Nf3 Nbd7 5.g4 Nxg4 6.Rg1 Ngf6 7.Be3 c6 8.Qd2 b5
9.O-O-O Qa5 10.dxe5 dxe5 11.Kb1 g6 12.Bh3 Qc7 13.Bxd7+ Nxd7 14.h4 Ba6 15.Ng5 Rd8
16.h5 Be7 17.hxg6 hxg6 18.Rh1 Rxh1 19.Rxh1 Nf8 20.Qe2 Bf6 21.Na4 Bc8 22.Nc5 Qe7
23.Nh7 Nxh7 24.Rxh7 Kf8 25.b3 Kg8 26.Rh1 Bg5 27.Nd3 Kg7 28.f4 exf4 29.Qh2 Qxe4
30.Bc1 Rg8 31.Qh7+ Kf8 32.Bb2 Bg4 33.Qxg8+  1-0

[Event "31st Liechtenstein Open 2013"]
[Site "Triesen LIE"]
[Date "2013.05.11"]
[Round "9.19"]
[White "Hofer,Emilian"]
[Black "Simon,Pete GER"]
[Result "1/2-1/2"]
[WhiteElo "1979"]
[BlackElo "2156"]

1.e4 d6 2.d4 Nf6 3.Nc3 e5 4.dxe5 dxe5 5.Qxd8+ Kxd8 6.Bc4 Ke8 7.f3 a6 8.a4 Bb4
9.Ne2 b6 10.Be3 Bb7 11.O-O Nbd7 12.Rfd1 Ke7 13.Nd5+ Nxd5 14.Bxd5 Bxd5 15.Rxd5 f6
16.Rad1 Rhd8 17.Kf2 Bc5  1/2-1/2

[Event "Tschaturanga Open 2013"]
[Site "Vienna AUT"]
[Date "2013.05.11"]
[Round "6.7"]
[White "Sepetavc,W"]
[Black "Schneider Zinner,H"]
[Result "0-1"]
[WhiteElo "1997"]
[BlackElo "2370"]

1.e4 d6 2.d4 Nf6 3.Nc3 Nbd7 4.Be2 e5 5.Nf3 Be7 6.O-O O-O 7.h3 c6 8.Be3 b5
9.dxe5 dxe5 10.Bd3 Qc7 11.Ne2 Nc5 12.Bxc5 Bxc5 13.Ng3 a6 14.Qe2 Re8 15.Rfd1 g6
16.c3 Bf8 17.Qe3 h6 18.Bc2 c5 19.Rd2 Be6 20.Bb3 c4 21.Bc2 Kh7 22.Rad1 b4
23.Kh2 b3 24.axb3 cxb3 25.Bb1 a5 26.Nh4 a4 27.Ne2 a3 28.bxa3 Bxa3 29.g4 Bxg4
30.Rg1 Bxe2 31.Rxe2 Nh5 32.Qf3 Ra6 33.Rd2 Rf6 34.Qg4 Rf4 35.Rd7 Rxg4 36.Rxc7 Rxh4
37.Rxf7+ Ng7 38.Rd1 Re7 39.Rf8 Ne6 40.Ra8 Bc5  0-1

[Event "VIII American Continental 2013"]
[Site "Cochabamba BOL"]
[Date "2013.05.12"]
[Round "7.16"]
[White "Aliaga Fernandez,I"]
[Black "Campero,R"]
[Result "0-1"]
[WhiteElo "2184"]
[BlackElo "2211"]

1.e4 d6 2.d4 Nf6 3.Nc3 c6 4.f4 Qa5 5.Bd3 e5 6.Nf3 Bg4 7.dxe5 dxe5 8.O-O Nbd7
9.f5 Be7 10.Kh1 O-O-O 11.Qe1 Bb4 12.Bd2 Bxf3 13.gxf3 Qc7 14.a3 Bxc3 15.Bxc3 Nh5
16.Bc4 Ndf6 17.b4 Nf4 18.a4 g5 19.Qe3 Kb8 20.b5 cxb5 21.axb5 b6 22.Ra6 Rd7
23.Bb3 Rhd8 24.Bb2 Ne8 25.Raa1 f6 26.Qc3 Rd2 27.Qxc7+ Nxc7 28.Ba3 R8d7 29.Bb4 R2d4
30.Bc3 Nxb5 31.Bxd4 Nxd4 32.Rad1 Rc7 33.Rd2 a5 34.Ba4 Rc4 35.Be8 Rc3 36.Rb1 Kc7
37.Ba4 h5 38.Rbd1 Rxf3 39.c4 Rc3 40.Rxd4 exd4 41.e5 fxe5 42.f6 Kd6 43.Rb1 Rxc4
44.Be8 Kc7 45.Bxh5 d3 46.f7 Ne6 47.Kg1 Rf4 48.Rb5 e4 49.Re5 Kd6 50.Rb5 Ng7
51.Bg6 d2 52.Rxb6+ Kc7 53.Rb1 e3  0-1

[Event "5th Alexander The Great Open 2013"]
[Site "Porto Carras GRE"]
[Date "2013.05.12"]
[Round "7.4"]
[White "Klinova,M"]
[Black "Tadic,Br"]
[Result "0-1"]
[WhiteElo "2316"]
[BlackElo "2517"]

1.e4 d6 2.d4 Nf6 3.Nc3 e5 4.dxe5 dxe5 5.Qxd8+ Kxd8 6.Bc4 Ke8 7.f3 c6 8.a4 a5
9.Be3 Nbd7 10.Nge2 Bc5 11.Kf2 Ke7 12.Nc1 Bxe3+ 13.Kxe3 Nb6 14.Bb3 Be6 15.Bxe6 Kxe6
16.b3 h5 17.Nd3 Nfd7 18.h4 Rag8 19.Ne2 g6 20.g4 hxg4 21.fxg4 f5 22.exf5+ gxf5
23.gxf5+ Kxf5 24.Raf1+ Ke6 25.c4 Nc8 26.Rfg1 Rxg1 27.Nxg1 Nd6 28.Nf3 Nf5+
29.Kd2 Kd6 30.Ng5 Ke7 31.Nf3 e4 32.Re1 Nf6 33.Nc5 e3+ 34.Kc2 b6 35.Nd3 Kd6
36.Nf4 Re8 37.Rd1+ Kc7 38.Ne2 Ne4 39.Rg1 Nf2 40.Rg5 Rf8 41.h5 c5 42.Rg6 Rd8
43.Nf4 Kb7 44.Re6 Rd4 45.Nd5 Rd3 46.Nf4 Nd4+ 47.Nxd4 Rd2+ 48.Kc1 cxd4 49.h6 Rd1+
50.Kb2 Rd2+ 51.Kc1 Rd1+ 52.Kb2 Rh1 53.Rd6 d3 54.Nxd3 Nxd3+  0-1

[Event "Open Hradec Kralove 2013"]
[Site "Hradec Kralove CZE"]
[Date "2013.05.15"]
[Round "1"]
[White "Pulpan,J"]
[Black "Collins,A"]
[Result "1-0"]
[WhiteElo "2106"]
[BlackElo "1762"]

1.e4 d6 2.d4 Nf6 3.Nc3 c6 4.Nf3 Bg4 5.h3 Bh5 6.Bd3 Qb6 7.e5 dxe5 8.dxe5 Nd5
9.g4 Bg6 10.e6 Nxc3 11.bxc3 Bxd3 12.exf7+ Kxf7 13.Qxd3 Qa5 14.Bf4 Ke8 15.Rd1 b5
16.Bxb8 Rxb8 17.Qd7+ Kf7 18.Ne5+ Kf6 19.Qf5+  1-0

[Event "14th Euro Indiv 2013"]
[Site "Legnica POL"]
[Date "2013.05.15"]
[Round "10.59"]
[White "Nasuta,G"]
[Black "Moranda,W"]
[Result "1/2-1/2"]
[WhiteElo "2299"]
[BlackElo "2560"]

1.e4 d6 2.d4 Nf6 3.Nc3 e5 4.Nf3 Nbd7 5.Rg1 g6 6.g4 exd4 7.Nxd4 Nb6 8.Be3 Bg7
9.g5 Nfd7 10.f4 O-O 11.Qf3 Nc5 12.O-O-O Nca4 13.Nxa4 Nxa4 14.c3 Bd7 15.f5 Be5
16.f6 c5 17.Nf5 Nxb2 18.Ne7+ Kh8 19.Kxb2 Bxc3+ 20.Kxc3 Qa5+ 21.Kb2 Qb4+ 22.Ka1 Qc3+
23.Kb1 Qb4+ 24.Ka1 Qc3+ 25.Kb1 Qb4+ 26.Ka1 Qc3+ 27.Kb1  1/2-1/2

[Event "14th Euro Indiv 2013"]
[Site "Legnica POL"]
[Date "2013.05.15"]
[Round "10.100"]
[White "Hnydiuk,A"]
[Black "Marjanovic,Dej"]
[Result "1-0"]
[WhiteElo "2409"]
[BlackElo "2186"]

1.e4 d6 2.d4 Nf6 3.Nc3 e5 4.Nf3 Nbd7 5.Bc4 Be7 6.O-O O-O 7.a4 exd4 8.Nxd4 Re8
9.Ba2 Bf8 10.Bg5 h6 11.Bh4 c6 12.f4 Qa5 13.Qf3 Qc5 14.Rad1 Be7 15.Bf2 Qb4
16.Nf5 Nc5 17.Rd4 Qxb2 18.Nxe7+ Rxe7 19.e5 dxe5 20.Rd8+ Kh7 21.Bxc5 Bg4 22.Qg3 exf4
23.Qd3+ g6 24.Bxe7 Bf5 25.Qd4  1-0

[Event "14th Euro Indiv 2013"]
[Site "Legnica POL"]
[Date "2013.05.15"]
[Round "10.18"]
[White "Kravtsiv,M"]
[Black "Khairullin,I"]
[Result "1-0"]
[WhiteElo "2595"]
[BlackElo "2657"]

1.e4 d6 2.d4 Nf6 3.Nc3 Nbd7 4.Nf3 e5 5.g3 c6 6.a4 Be7 7.Bg2 O-O 8.O-O b6
9.b3 a6 10.Ba3 Bb7 11.dxe5 dxe5 12.Bd6 Bxd6 13.Qxd6 Re8 14.Rfd1 Qb8 15.Nh4 Qxd6
16.Rxd6 b5 17.Nf5 g6 18.Ne3 Kg7 19.Bh3 Nf8 20.f3 Red8 21.Rad1 Rxd6 22.Rxd6 Ne8
23.Rd1 f6 24.Na2 Kf7 25.Nb4 Ke7 26.c4 Nc7 27.a5 Nfe6 28.Bxe6 Nxe6 29.cxb5 cxb5
30.Ned5+ Bxd5 31.Nxd5+ Kf7 32.Rc1 Nd4 33.Rc7+ Ke6 34.Kg2 b4 35.Rxh7 Rc8 36.Nxb4 Nxb3
37.Ra7 Nc5 38.h4 Rd8 39.Nxa6 Rd2+ 40.Kf1 Nd3 41.Nc7+ Kd6 42.Ne8+ Kc5 43.a6 Kd4
44.Nxf6 Ke3 45.Nd5+ Kxf3 46.Rf7+ Nf4 47.Ke1 Re2+ 48.Kd1 Rxe4 49.Nxf4  1-0

[Event "14th Euro Indiv 2013"]
[Site "Legnica POL"]
[Date "2013.05.15"]
[Round "10.124"]
[White "Ivic,Mat"]
[Black "Pogosian,Vl"]
[Result "1-0"]
[WhiteElo "2278"]
[BlackElo "2132"]

1.e4 d6 2.d4 Nf6 3.Nc3 e5 4.Nf3 Nbd7 5.Bc4 Be7 6.O-O O-O 7.Re1 c6 8.a4 Qc7
9.Ba2 b6 10.Qe2 Bb7 11.dxe5 dxe5 12.Nh4 Nc5 13.Nf5 Bc8 14.Qf3 Ne6 15.Qg3 Bc5
16.Be3 Bb4 17.Bh6 Nh5 18.Qg4 Nf6 19.Qh4 Ne8 20.Re3 Nd4 21.Nxg7 Nf6 22.Nh5 Nxh5
23.Qxh5 Kh8 24.Bg7+ Kg8 25.Rg3  1-0

[Event "Open Hradec Kralove 2013"]
[Site "Hradec Kralove CZE"]
[Date "2013.05.17"]
[Round "4"]
[White "Paldus,P"]
[Black "Prazak,Matous"]
[Result "1-0"]
[WhiteElo "2013"]
[BlackElo "1784"]

1.e4 d6 2.d4 Nf6 3.Nc3 c6 4.Nf3 g6 5.Bd3 Bg7 6.O-O b5 7.Be3 a6 8.h3 Nbd7
9.Qd2 Qc7 10.Bh6 O-O 11.Ne2 c5 12.c3 e6 13.Ng3 Bb7 14.Rfe1 Qb6 15.e5 dxe5
16.dxe5 Nd5 17.Nh5 Bh8 18.Bxf8 Rxf8 19.Qh6 Rd8 20.Be4 Ne7 21.Ng5 Nf8 22.Nf6+  1-0

[Event "Open Hradec Kralove 2013"]
[Site "Hradec Kralove CZE"]
[Date "2013.05.18"]
[Round "5"]
[White "Vacek,Jaroslav"]
[Black "Collins,A"]
[Result "1/2-1/2"]
[WhiteElo "1693"]
[BlackElo "1762"]

1.e4 d6 2.d4 Nf6 3.Nc3 c6 4.Be2 Qa5 5.Bd2 Qb6 6.Bc1 e6 7.Nf3 d5 8.exd5 exd5
9.Na4 Qd8 10.O-O Be7 11.Nc3 h6 12.Be3 Bf5 13.Bd3 Bxd3 14.Qxd3 Nbd7 15.Rfe1 O-O
16.a3 Re8 17.Re2 Bd6 18.Rae1 Qc7 19.g3 b5 20.Nh4 Nf8 21.Nf5 Ne6 22.Nxd6 Qxd6  1/2-1/2

[Event "7th IBC Limburg Open"]
[Site "Limburg NED"]
[Date "2013.05.18"]
[Round "2.4"]
[White "Sipila,V"]
[Black "Johannessen,LE"]
[Result "1-0"]
[WhiteElo "2445"]
[BlackElo "2518"]

1.e4 d6 2.d4 Nf6 3.Nc3 e5 4.Nf3 Nbd7 5.Bc4 Be7 6.O-O O-O 7.a4 a5 8.Qe2 c6
9.Bg5 h6 10.Bd2 Qb6 11.dxe5 Nxe5 12.Be3 Qc7 13.Nxe5 dxe5 14.f3 Nd7 15.Qf2 Bg5
16.Bxg5 hxg5 17.h4 gxh4 18.Qxh4 Nc5 19.Nd1 Be6 20.Bxe6 Nxe6 21.Ne3 Qb6 22.Qf2 Qxb2
23.Nf5 Rfd8 24.Rab1 Qc3 25.Rxb7 Qc5 26.Qxc5 Nxc5 27.Rc7 Nxa4 28.Kf2 Rd2+
29.Ke3 Rad8 30.Rh1 R2d7 31.Ne7+ Kf8 32.Nxc6 Kg8 33.Ne7+ Kf8 34.Nd5 Kg8 35.Rc6 Rd6
36.Rxd6 Rxd6 37.Ne7+  1-0

[Event "Asian Continental 2013"]
[Site "Manila PHI"]
[Date "2013.05.18"]
[Round "1.12"]
[White "Paragua,M"]
[Black "Senador,E"]
[Result "1-0"]
[WhiteElo "2550"]
[BlackElo "2343"]

1.e4 d6 2.d4 Nf6 3.Nc3 e5 4.Nge2 Nbd7 5.g3 Be7 6.Bg2 O-O 7.O-O Re8 8.h3 c6
9.a4 Bf8 10.d5 cxd5 11.exd5 h5 12.Bg5 Be7 13.Be3 a6 14.Qd2 Nf8 15.a5 Bf5
16.f3 Rc8 17.g4 Bg6 18.Ng3 h4 19.Nge4 Nxe4 20.fxe4 Nh7 21.Na4 Bg5 22.Bxg5 Qxg5
23.Qe2 Nf8 24.Nb6 Rc7 25.c4 Bh7 26.b4 Ng6 27.c5 dxc5 28.bxc5 Nf4 29.Qe3 Ne6
30.Qf2 Nf4 31.d6 Rc6 32.Nd5 Bg6 33.Nxf4 exf4 34.e5 Rxe5 35.Bxc6 bxc6 36.Qxf4 Qxf4
37.Rxf4 Kf8 38.Rb4 Ke8 39.Rd1  1-0

[Event "Asian Continental 2013"]
[Site "Manila PHI"]
[Date "2013.05.18"]
[Round "1.20"]
[White "Gomez,Joh"]
[Black "Liew Chee Meng Jimmy"]
[Result "1-0"]
[WhiteElo "2511"]
[BlackElo "2287"]

1.d4 d6 2.e4 Nf6 3.Nc3 e5 4.Nf3 Nbd7 5.Bc4 Be7 6.O-O h6 7.dxe5 dxe5 8.Qe2 c6
9.a4 a5 10.Nh4 O-O 11.Rd1 Qc7 12.Ng6 Re8 13.Nxe7+ Rxe7 14.Be3 Re8 15.f3 Nb6
16.Bd3 Be6 17.Qf2 Nbd7 18.Bf1 Nh7 19.Rd2 f6 20.Rad1 Kh8 21.b3 Ndf8 22.Bb6 Qf7
23.Rd6 Ng5 24.h4 Ngh7 25.g3 g5 26.hxg5 Nxg5 27.f4 exf4 28.gxf4 Nh3+ 29.Bxh3 Bxh3
30.R1d3 Bg4 31.Qh4 Nh7 32.Bd4 Rg8 33.Kf2 Raf8 34.Qxh6 Rg6 35.Qh2 c5 36.f5 cxd4
37.fxg6 Qxg6 38.R6xd4 Kg8 39.Rd8 Qg5 40.Rxf8+ Nxf8 41.Qd6 Ng6 42.Qd5+  1-0

[Event "Open Hradec Kralove 2013"]
[Site "Hradec Kralove CZE"]
[Date "2013.05.19"]
[Round "7"]
[White "Brhlik,A"]
[Black "Collins,A"]
[Result "1-0"]
[WhiteElo "1684"]
[BlackElo "1762"]

1.e4 d6 2.d4 Nf6 3.Nc3 c6 4.f4 Qa5 5.Bd2 e5 6.dxe5 dxe5 7.Nd5 Qd8 8.Nxf6+ Qxf6
9.Nf3 exf4 10.Bc3 Qg6 11.Qd4 c5 12.Bb5+ Bd7 13.Qe5+ Be7 14.Bxd7+ Nxd7 15.Qxf4 O-O
16.O-O-O Nb6 17.b3 Rac8 18.Kb1 c4 19.Ba1 cxb3 20.axb3 Rc6 21.Ne5 Qxg2 22.Nxc6 Bc5
23.Ne5 f6 24.Nd3 Be7 25.Rhg1 Qh3 26.Rg3 Qh5 27.Rdg1 g5 28.Qf5 Qxh2 29.R1g2 Qh5
30.Rh3 Qd1+ 31.Nc1 Rf7 32.Rgh2 Ba3 33.Rh1 Qd6 34.Rxh7 Rxh7 35.Rxh7 Kf8 36.Bxf6 Qd1
37.Bxg5+  1-0

[Event "ch-Africa Open 2013"]
[Site "Tunis TUN"]
[Date "2013.05.19"]
[Round "2.6"]
[White "Sarwat,W"]
[Black "Haddouche,M"]
[Result "1/2-1/2"]
[WhiteElo "2335"]
[BlackElo "2459"]

1.e4 d6 2.d4 Nf6 3.Nc3 c6 4.Nf3 Bg4 5.Be3 Qa5 6.Qd2 e5 7.a3 Be7 8.Be2 O-O
9.O-O Re8 10.b4 Qc7 11.d5 Nbd7 12.dxc6 Qxc6 13.Qd3 Rec8 14.Bd2 Nb6 15.Rfd1 h6
16.h3 Be6 17.a4 a5 18.bxa5 Nc4 19.Bc1 Nxa5 20.Bd2 Nc4 21.Bc1 Nb6 22.Be3 Qxc3
23.Bxb6 Qxc2 24.a5 Qc6 25.Nd2 d5 26.exd5 Bxd5 27.Bf1 Bb4 28.Qf5 Be6 29.Qb1 Bxd2
30.Rxd2 Nd5 31.Bb5 Qc3 32.Rd3 Qc2 33.Qxc2 Rxc2 34.Rad1 Nf4 35.Rd8+ Rxd8 36.Rxd8+ Kh7
37.Bd7 Rd2 38.Bxe6 Rxd8 39.Bf5+ g6 40.Bxg6+ Kxg6 41.Bxd8 Kf5 42.f3 Nd5 43.Bh4 Ke6
44.g4 Nf4 45.Kh2 Nd3 46.Bd8 f5 47.h4 e4 48.gxf5+ Kxf5 49.fxe4+ Kxe4 50.Kg3 h5
51.Bg5 Nb2 52.Bd2 Nc4 53.Be1 Ke3 54.Bb4 Ne5 55.Bc3 Nd3 56.Bf6 Nb4 57.Bd8 Nc6
58.Bc7 Ke4 59.Bb6 Ne7 60.Bd8 Nf5+ 61.Kf2 Nd6 62.Bc7 Nc4 63.Ke2 Ne3 64.Bd8 Nd5
65.Kd2 Kd4 66.Ke2 Ke4 67.Kd2 Kd4 68.Ke2 Nf4+ 69.Kf3 Ng6 70.Bb6+ Ke5 71.Bf2 Kd5
72.Bg3 Ne7 73.Be1 Nc6 74.Bc3 Ne7 75.Be1 Nc6 76.Bg3 Nb4 77.Be1 Nd3 78.Bc3 Nc5
79.Be1 Ne6 80.Bc3 Nc5 81.Be1 Ne4 82.Bb4 Ke5 83.Ke3 Ng3 84.Bc3+ Kf5 85.Kf3 Ne4
86.Bb4  1/2-1/2

[Event "Gligoric Cup 2013"]
[Site "Banja Koviljaca SRB"]
[Date "2013.05.20"]
[Round "1.4"]
[White "Savic,Miod1"]
[Black "Stojanovic,Andj"]
[Result "1-0"]
[WhiteElo "2522"]
[BlackElo "2282"]

1.e4 d6 2.d4 Nf6 3.Nc3 e5 4.Nf3 exd4 5.Nxd4 Be7 6.Be2 O-O 7.O-O Re8 8.Re1 Nc6
9.Bf4 Ne5 10.Bg3 Bf8 11.Qd2 Ng6 12.Bf3 Ne5 13.Rad1 Nxf3+ 14.Nxf3 Bg4 15.Qf4 Qc8
16.h3 Bxf3 17.Qxf3 Nd7 18.Nd5 Nb6 19.Nf4 Nc4 20.Qc3 Ne5 21.Nd5 c6 22.Ne3 Qe6
23.b3 Rad8 24.Qa5 a6 25.c4 Nd7 26.f3 b6 27.Qf5 Ne5 28.Re2 g6 29.Qxe6 fxe6
30.Red2 Nf7 31.Nc2 e5 32.Nb4 Rc8 33.Nxa6 c5 34.b4 Re7 35.b5 Bh6 36.Rd3 Rd7
37.a4 Bf8 38.Ra3 Rb7 39.a5 bxa5 40.Bh4 g5 41.Be1 Nd8 42.Bxa5 Ne6 43.b6 Nd4
44.Nc7 Be7 45.Nd5 Ra8 46.Rd2 Bd8 47.Rda2 Rab8 48.Bd2 Bxb6 49.Bxg5 Bd8 50.Bxd8 Rxd8
51.Ra7 Rdb8 52.Kh2 Kf7 53.R2a6 Ke6 54.h4 h5 55.Rxb7 Rxb7 56.Ra8 Kf7 57.Rd8 Rb2
58.Kh3 Rc2 59.Rd7+ Kf8 60.Rxd6 Rxc4 61.Rh6 Rc1 62.Rxh5 c4 63.Rh8+ Kg7 64.Rc8 Ne2
65.Rc7+ Kh6 66.Kg4 c3 67.h5 Rg1 68.Ne3  1-0

[Event "7th IBC Limburg Open"]
[Site "Limburg NED"]
[Date "2013.05.20"]
[Round "7.5"]
[White "Beukema,S"]
[Black "Hausrath,D"]
[Result "0-1"]
[WhiteElo "2258"]
[BlackElo "2496"]

1.e4 d6 2.d4 Nf6 3.Nc3 e5 4.Nf3 Nbd7 5.Bc4 Be7 6.O-O O-O 7.a4 a6 8.h3 b6
9.Re1 Bb7 10.b3 h6 11.Bb2 Re8 12.Qd2 Bf8 13.Rad1 exd4 14.Qxd4 c6 15.Nh4 b5
16.axb5 axb5 17.Bd3 c5 18.Qe3 b4 19.Nb5 Bxe4 20.Bxe4 Rxe4 21.Qg3 Ra2 22.Rxe4 Nxe4
23.Qf4 Rxb2 24.Qxe4 Qb6 25.Qe2 Nf6 26.Nf5 d5 27.Ne3 Ra2 28.Nxd5 Nxd5 29.Rxd5 Ra1+
30.Kh2 Qb8+ 31.g3 Ra5 32.Nd4 Qa8 33.Qe5 Ra2 34.Nf3 Rxc2 35.Kg2 Qa2 36.Qe1 Re2
37.Qf1 Qxb3 38.Rd8 Qc2 39.Qa1 Rxf2+ 40.Kh1 Qe4  0-1

[Event "Asian Continental 2013"]
[Site "Manila PHI"]
[Date "2013.05.20"]
[Round "3.34"]
[White "Docena,Jerad"]
[Black "Senador,E"]
[Result "1-0"]
[WhiteElo "2055"]
[BlackElo "2343"]

1.e4 d6 2.d4 Nf6 3.Nc3 e5 4.Nf3 Nbd7 5.Bc4 Be7 6.Bxf7+ Kxf7 7.Ng5+ Kg8 8.Ne6 Qe8
9.Nxc7 Qd8 10.Nxa8 b6 11.Qd3 d5 12.Nxd5 Nxd5 13.exd5 Bd6 14.O-O Bb7 15.Qf5 Bxd5
16.Bg5 Qe8 17.dxe5 Nxe5 18.Rad1 Qxa8 19.c4 g6 20.Qf6 Nxc4 21.Bh6 Be5 22.Qe7 Bxb2
23.Rxd5  1-0

[Event "Gligoric Cup 2013"]
[Site "Banja Koviljaca SRB"]
[Date "2013.05.21"]
[Round "2.6"]
[White "Keserovic,M"]
[Black "Biljanic,L"]
[Result "0-1"]
[WhiteElo "2202"]
[BlackElo "2347"]

1.e4 d6 2.d4 Nf6 3.Nc3 c6 4.Nf3 Bg4 5.Be2 Qc7 6.a4 Nbd7 7.O-O g6 8.Be3 Bg7
9.Qd2 O-O 10.h3 Bxf3 11.Bxf3 Rfe8 12.Rfd1 a5 13.g4 Nf8 14.Bg2 e5 15.f4 Ne6
16.fxe5 dxe5 17.d5 Nd4 18.Ne2 cxd5 19.exd5 Rad8 20.Nxd4 exd4 21.Bxd4 Nxd5
22.Qf2 Bxd4 23.Rxd4 Nb4 24.Rxd8 Rxd8 25.Qf3 Nxc2 26.Rc1 Qb6+ 27.Kh1 Qxb2
28.Rf1 Qg7 29.Rc1 Nd4 30.Qxb7 Qe5 31.Rf1 Qe8 32.Qa7 Ne2 33.Qf2 Rd3 34.Re1 Re3
35.Rd1 Qe5 36.Rd5 Rxh3+ 37.Bxh3 Qxd5+ 38.Bg2 Qd2 39.Bf1 Qh6+ 40.Kg2 Nf4+
41.Kg3 g5 42.Qc5 Qh4+ 43.Kf3 Qh1+ 44.Kf2 Qd5 45.Qc8+ Kg7 46.Qc3+ Kh6 47.Qc8 Qd4+
48.Kf3  0-1

[Event "ch-Africa Open 2013"]
[Site "Tunis TUN"]
[Date "2013.05.21"]
[Round "4.10"]
[White "Al Zayat,A"]
[Black "Haddouche,M"]
[Result "0-1"]
[WhiteElo "2070"]
[BlackElo "2459"]

1.e4 d6 2.d4 Nf6 3.Nc3 c6 4.h3 Nbd7 5.g4 h6 6.Bg2 e5 7.dxe5 dxe5 8.Nge2 b5
9.Be3 Qc7 10.a3 Bc5 11.Qd2 Bb7 12.Ng3 Bxe3 13.Qxe3 g6 14.Bf3 Nf8 15.g5 hxg5
16.Qxg5 Ke7 17.Bg4 Rd8 18.f4 Nh7 19.Qxe5+ Qxe5 20.fxe5 Nxg4 21.hxg4 Bc8 22.Rd1 Ng5
23.Rxh8 Rxh8 24.Rd6 Nf3+ 25.Kf1 Nxe5 26.Rd4 Bxg4 27.a4 a6 28.axb5 axb5 29.Nd1 Bxd1
30.Rxd1 Rh2 31.Rc1 Nc4 32.Kg1 Rd2 33.Nf1 Rd4 34.b3 Ne5 35.Ng3 Rd2 36.Kf1 Rh2
37.c4 b4 38.Ra1 Rb2 39.Ra7+ Kd6 40.Ra5 Rxb3  0-1

[Event "Gligoric Cup 2013"]
[Site "Banja Koviljaca SRB"]
[Date "2013.05.22"]
[Round "3.7"]
[White "Andrejic,V"]
[Black "Chelushkina,I"]
[Result "0-1"]
[WhiteElo "2212"]
[BlackElo "2260"]

1.d4 d6 2.e4 Nf6 3.Nc3 c6 4.f4 Qa5 5.e5 Ne4 6.Bd3 Nxc3 7.Qd2 g6 8.Nf3 d5
9.bxc3 Bg4 10.O-O e6 11.Ne1 Bf5 12.h3 h5 13.Nf3 Nd7 14.Qe2 Qxc3 15.Rb1 Rb8
16.Bd2 Qa3 17.Rb3 Qa4 18.Rfb1 b5 19.Bb4 Bxb4 20.Rxb4 Qxa2 21.Qd1 Qa5 22.Be2 Qd8
23.Ng5 h4 24.Ra1 a5 25.Rb2 a4 26.Qe1 Qe7 27.Nf3 Kf8 28.c3 Kg7 29.Kh2 Ra8
30.Rb4 Bc2 31.Qf2 Be4 32.Ng5 Bf5 33.Nf3 Nb6 34.Kh1 a3 35.Qe1 a2 36.Rb2 Bb1
37.Bd1 Nc4 38.Rb4 Ra3 39.Bb3 Na5 40.Nd2 c5 41.Rxb5 Bd3 42.Qc1 cxd4 43.Rb4 Nxb3
44.Nxb3 Qxb4 45.cxb4 Rxb3  0-1